| 000 | 00594nam a2200181 a 4500 | ||
|---|---|---|---|
| 001 | 000014743 | ||
| 005 | 20200929163909.0 | ||
| 008 | 100119s1981 cl 000 0 spa d | ||
| 040 |
_aDO-SdBNP _bspa _cBNPHU |
||
| 082 |
_a822. _bG239m |
||
| 100 | 1 |
_aGarreton Silva, Alejandro, _d1900-1980 _933429 |
|
| 245 | 1 | 3 | _aLa medicina en la obra de william shakespeare. |
| 260 |
_aSantiago de Chile : _bUniversitaria, _c1981. |
||
| 300 |
_a231 p. ; _c23 cm. |
||
| 600 | 1 | 0 |
_aSHAKESPEARE, WILLIAM, _d1564-1616 _xCRÍTICA E INTERPRETACIÓN _912620 |
| 650 | 4 |
_aMedicina en la literatura _922321 |
|
| 049 | _aBNGR | ||
| 999 |
_c14326 _d14326 |
||